000 00783nam a2200229 a 4500
001 000087262
005 20200120224938.0
008 190815s2017 ck ao gr| |0| | spa d
020 _a9789585992016
041 0 _aspa
043 _as-ck---
082 0 4 _a641.586152
_bF63f
_221
245 1 0 _aFogón vallecaucano :
_bcocinas de valle, mar y montaña /
_cequipo de investigación y textos, Gustavo Campos [... et al.].
260 _aSantiago de Cali :
_bGobernación del Valle del Cauca,
_c2017.
300 _a157 páginas :
_bilustraciones en color, fotos.
500 _aIncluye índice
504 _aReferencias bibliográficas : página 149
650 1 4 _aCocina colombiana
650 2 4 _aCocina vallecaucana
650 2 4 _aPreparación de alimentos
700 1 _aCampos, Gustavo
999 _c11844
_d11844